00572nam a2200157Ia 4500008004100000020001500041040001900056041001200075082002800087245015200115260006100267300002100328630002800349650001100377651002600388131103s9999 xx 000 0 und d cRs.1200.00 aLoreto College aEnglish a264.02/ROMbLCLIB/49378 4aThe Roman missalcApproved for use in the Dioceses of India by the Conference of Catholic Bishops of India[CCBI] and confirmed by the Apostolic See aBangalorebConference of Catholic Bishops of Indiac2011 a1371p. c 26c.m. aRoman Catholic theology aMissal aChristian theology -